000 00552nam a2200193Ia 4500
005 20260120124615.0
008 008 260114s9999 xx 000 0 eng d
020 _a9780762314720
037 _aEBOOK
040 _aCRL
_beng
_cCRL
041 _aeng
_2eng
084 _qCRL
245 0 _aAdvances in Applied Business Strategy
260 _bEmerald Publishing
_c2008
700 _aRudy Martens
_9908317
856 _uhttps://www.emerald.com/insight/publication/doi/10.1016/S0749-6826(2008)10
942 _cEBOOK
999 _c1500205
_d1500205